Geography Quiz

Random Geography or City Quiz
Score 0/11 Timer 03:00
0 Plays Today
Continent Capital City % Correct
EuropeBerlin
94.7%
EuropeAthens
94.7%
North AmericaGuatemala City
93%
South AmericaGeorgetown
87.7%
AfricaAccra
86%
AfricaBissau
86%
AsiaTbilisi
82.5%
AfricaConakry
77.2%
North AmericaSt. George's
73.7%
AfricaLibreville
71.9%
AfricaBanjul
70.2%
Remove Ads.
Support Sporcle.
Get the best of Sporcle when you Go Orange. This ad-free experience offers more features, more stats, and more fun while also helping to support Sporcle. Thank you for becoming a member.

You're not logged in!

Compare scores with friends on all Sporcle quizzes.
OR
Log In

Show Comments

Extras

Top Quizzes Today


Score Distribution

Your Account Isn't Verified!

In order to create a playlist on Sporcle, you need to verify the email address you used during registration. Go to your Sporcle Settings to finish the process.

Report this User

Report this user for behavior that violates our Community Guidelines.

Details: